000
00259nam a2200109Ia 4500
008
220204s9999 xx 000 0 und d
082
_a
542.8
_b
LYA
100
_a
Lyalikov, Yu
245
0
_a
Physico chemical analysis
260
_a
Moscow
_b
Mir
_c
1968
942
_c
BK
999
_c
26148
_d
26148